000 00693nam a2200289Ia 4500
005 20260324141644.0
008 008 260324s9999 xx 000 0 eng d
020 _a9780203948484
037 _aEBOOK
040 _aCRL
040 _beng
040 _cCRL
041 _2eng
041 _aeng
084 _qCRL
100 _aAlan Roland
_91209005
245 0 _aCultural Pluralism and Psychoanalysis
245 4 _bThe Asian and North American Experience
260 _bTaylor and Francis
260 _c1996
365 _a
365 _b220
856 _uhttp://www.taylorfrancis.com/books/9780203948484
942 _cEBOOK
999 _c1812341
_d1812341